| 000 | 00372nam a2200157Ia 4500 | ||
|---|---|---|---|
| 008 | 210210b1990 xxu||||| |||| 00| 0 eng d | ||
| 020 | _a5 05 002809 4 | ||
| 082 | _a823.8 DOSS | ||
| 100 | _aDOSTOYEVSKY (Fyodor) | ||
| 245 | _aStories | ||
| 260 |
_aMoscow _bRaduga publishers _c1990 |
||
| 300 | _a284 | ||
| 650 | _aStories | ||
| 690 | _aEnglish Fiction | ||
| 906 | _a050830 | ||
| 999 |
_c99424 _d99424 |
||